00511nam a22001577a 4500020002200000041001200022082001600034100002700050245005300077260004200130300000800172650003800180942000700218952011100225999001700336 a978-0-19-955575-8 aEnglish a891.23 OLI  aOlivelle, Patrick (Tr) aThe Pancatantra: The Book of India's Folk Wisdom aOxfordbOxford University Pressc1997 a195 aPanchatantraaFolk stories-Indian cBK 00104070aHMIbHMIcGENd2018-05-04eDirectorg385.00l0o891.23 OLIp024210r2018-05-04w2018-05-04yBK c20976d20976